Les clubs victimes de Cristiano Ronaldo en Ligue des Champions - Statistiques

Statistiques générales
  • Ce quiz a été pris 4 240 fois
    182 depuis la dernière actualisation
  • Le résultat moyen est 28 sur 38
Statistiques - réponses
Pays Club % Correct
Italie Inter Milan 1
97%
Angleterre Liverpool 1
97%
Angleterre Manchester City 1
97%
France Paris Saint-Germain 3
97%
Italie AC Milan 2
96%
Allemagne Bayern Munich 9
96%
Italie Juventus 10
96%
Allemagne Borussia Dortmund 7
95%
Angleterre Chelsea 1
95%
Portugal FC Porto 1
95%
France Olympique de Marseille 4
95%
France Olympique Lyonnais 6
95%
Portugal Sporting Portugal 3
95%
Angleterre Manchester United 3
93%
Espagne FC Barcelone 2
92%
Angleterre Arsenal 2
91%
Espagne Atletico Madrid 7
91%
Pays-Bas Ajax Amsterdam 9
88%
Italie AS Rome 5
86%
Turquie Galatasaray 6
83%
Angleterre Tottenham Hotspurs 4
82%
Ukraine Dynamo Kiev 4
77%
Suisse Young Boys Berne 1
72%
Allemagne Bayer Leverkusen 2
64%
Ukraine Chakhtar Donetsk 5
64%
Suède Malmö 6
61%
Danemark FC Copenhague 3
60%
Suisse FC Bâle 2
57%
Allemagne Wolfsburg 3
56%
Italie Atalanta Bergame 3
55%
Chypre APOEL Nicosie 6
52%
Allemagne Schalke 04 7
52%
Russie CSKA Moscou 3
45%
Suisse FC Zurich 2
43%
France AJ Auxerre 1
40%
Hongrie Ferencvaros 1
25%
Espagne Villarreal 2
24%
Bulgarie Ludogorets 2
18%
Aucun quiz correspondant
Distribution des résultats
% des personnes avec chaque résultat
Percentile par nombre de réponses
Votre historique - résultats
Vous n’avez pas pris ce quiz depuis la dernière actualisation